000 00485nam a2200133Ia 4500
008 170221s9999 xx 000 0 und d
100 _aTairan Huang
245 _aImplementing a Sustainability Balanced Scorecard to Contribute to the Process of Organisational Legitimacy Assessment
245 _cTairan Huang, Matthew Pepper, and G. Bowrey
260 _c2012
300 _a1 : 4
650 _xBusiness
856 _uhttp://ro.uow.edu.au/cgi/viewcontent.cgi?article=1477&context=aabfj
999 _c313372
_d313372